Statistics for How well do you know the kpop group Seventeen?

Click here to take the quiz!

General Stats

  • This quiz has been taken 172 times
  • The average score is 14 of 15

Answer Stats

HintAnswer% Correct
What year did they debut?2015
100%
Who is the leader in seventeen?scoups
100%
Who is the leader of the hip-hop unit?scoups
100%
How many members are in seventeen?13
99%
Who is the maknae (youngest) in seventeen?dino
99%
Which member is from Los angeles?joshua
99%
Who is the tallest member?mingyu
99%
Which member was born in New york?vernon
98%
Who is the leader of the vocal unit?woozi
97%
Who is the leader of the performance unit?hoshi
96%
What year did they get there first award?2016
94%
What was their debut song?adore u
88%
What song did they win their first award for?pretty u
81%
What is their best selling album?fml
64%
What is their most streamed song?don't wanna cry
54%

Score Distribution

Percentile by Number Answered

Percent of People with Each Score

Your Score History

You have not taken this quiz